Термометры сопротивления платиновые эталонные 1-го и 2-го разрядов. Общие технические требования по ГОСТ 30679-99/ ГОСТ Р 51233-98; Справочник. Инженерный журнал; № 2

Detalles Bibliográficos
Parent link:Справочник. Инженерный журнал: научно-технический и производственный журнал.— , 2000-.— 0203-347X
№ 2.— 2002.— С. 2-3
Lenguaje:ruso
Publicado: 2002
Colección:Общетехническая информация
Materias:
Formato: MixedMaterials Capítulo de libro
KOHA link:https://koha.lib.tpu.ru/cgi-bin/koha/opac-detail.pl?biblionumber=382960

MARC

LEADER 00000naa2a2200000 4500
001 382960
005 20231101063041.0
035 |a (RuTPU)RU\TPU\prd\7762 
090 |a 382960 
100 |a 20021024a2002 k y0rusy50 ca 
101 0 |a rus 
102 |a RU 
200 1 |a Термометры сопротивления платиновые эталонные 1-го и 2-го разрядов. Общие технические требования по ГОСТ 30679-99/ ГОСТ Р 51233-98 
225 1 |a Общетехническая информация 
461 1 |0 (RuTPU)RU\TPU\prd\1723  |x 0203-347X  |t Справочник. Инженерный журнал  |o научно-технический и производственный журнал  |d 2000- 
463 1 |0 (RuTPU)RU\TPU\prd\2914  |t № 2  |v С. 2-3  |d 2002 
610 1 |a термометры сопротивления 
610 1 |a стандарты 
610 1 |a технические требования 
801 1 |a RU  |b 63413507  |c 20021024  |g PSBO 
801 2 |a RU  |b 63413507  |c 20140115  |g RCR 
942 |c BK